000 00832cam a22002291 4500
001 sa 65007155
003 DLC
005 20260227112147.0
008 731022s1964 ii b 000 0 eng
010 _asa 65007155
035 _a(OCoLC)721382
040 _aDLC
_cOCU
_dOCoLC
_dDLC
042 _apremarc
050 0 0 _aJQ533
_b.M3
100 1 _aMarkandan, K. C.
245 1 0 _aMadras Legislative Council: its Constitution and working between 1861 and 1909;
_bbeing a report, submitted to the Madras University, as a fellow in the Politics Department between October 1952 and October 1953,
_cby K.C. Markandan.
260 _aDelhi,
_bS. Chand,
_c1964.
300 _aii, 199 p.
_c23 cm.
504 _aIncludes bibliographical references.
610 1 0 _aMadras (India : State).
_bLegislative Council
710 2 _aUniversity of Madras
999 _c65089
_d65089